| Tag |
First Indicator |
Second Indicator |
Subfields |
| LEADER |
00000cam a2200000 i 4500 |
| 001 |
in00000045861 |
| 005 |
20151007075322.0 |
| 008 |
800410s1979 enka e 00100 eng |
| 010 |
|
|
|a 80467887
|
| 015 |
|
|
|a GB***
|
| 020 |
|
|
|a 0333267664 :
|c 12.00
|
| 035 |
|
|
|a (OCoLC)06279091
|
| 035 |
|
|
|9 AAF3010AM
|
| 040 |
|
|
|a DLC
|c DLC
|d TXA
|d UtOrBLW
|
| 049 |
|
|
|a TXAM
|c [1160408]
|
| 050 |
0 |
0 |
|a TH845
|b .M32 1979
|
| 082 |
0 |
|
|a 720/.9
|
| 245 |
0 |
4 |
|a The Macmillan encyclopedia of architecture and technological change /
|c Pedro Guedes.
|
| 264 |
|
1 |
|a London :
|b Macmillan,
|c 1979.
|
| 300 |
|
|
|a 313 pages :
|b illustrations ;
|c 29 cm.
|
| 336 |
|
|
|a text
|b txt
|2 rdacontent
|
| 337 |
|
|
|a unmediated
|b n
|2 rdamedia
|
| 338 |
|
|
|a volume
|b nc
|2 rdacarrier
|
| 500 |
|
|
|a Includes index.
|
| 650 |
|
0 |
|a Structural analysis (Engineering)
|x History.
|
| 700 |
1 |
|
|a Guedes, Pedro.
|
| 740 |
0 |
|
|a Architecture and technological change.
|
| 999 |
|
|
|a MARS
|
| 999 |
f |
f |
|s 4c539bb3-878e-374f-9fb4-add7b5fe5278
|i 708fc285-9b51-3ec1-95d2-993acf8eda76
|t 0
|
| 952 |
f |
f |
|p ric
|a Texas A&M University
|b Rellis Campus
|c Joint Library Facility
|d Remote Storage
|t 0
|e TH845 .M32 1979
|h Library of Congress classification
|i unmediated -- volume
|m A14805403577
|
| 998 |
f |
f |
|a TH845 .M32 1979
|t 0
|l Remote Storage
|